| 000 | 00927nam a2200265 a 4500 | ||
|---|---|---|---|
| 003 | PILC | ||
| 005 | 20150714133356.0 | ||
| 008 | 130711s19uu xx 00 eng d | ||
| 020 | _a9781405896139 | ||
| 050 |
_aQA 11.154 _b.Ex96t7 2009 |
||
| 245 |
_aExploring maths 7 : _bteacher's book / _cedited by Anita Straker. |
||
| 260 |
_aGreat Britain, Scotprint : _bPearson Longman, _cc2009. |
||
| 300 |
_a379 pages : _billustrations ; _c28 cm. _e+ 1 CD ROM (3/4) inches. |
||
| 500 | _aIncludes index and bibliographies | ||
| 520 | _aits about the powers and roots, functions and graph, equations and formula, 2D and 3D shapes, | ||
| 650 |
_aFractions _xmathematics |
||
| 650 |
_aProbabilities _xmathematics |
||
| 650 |
_aMeasurements _xmathematics |
||
| 650 |
_aEquations _xmathematics |
||
| 700 | _aFisher, Tony | ||
| 700 | _aHyde, Rosalyn | ||
| 700 | _aJennings, Sue | ||
| 700 | _aLongstaffe, Jonathan | ||
| 942 |
_cBK _2lcc |
||
| 999 |
_c282552 _d282552 |
||